书目信息 |
| 题名: |
特尔纳瓦国际海报三年展
|
|
| 作者: | 陈放 主编 | |
| 分册: | ||
| 出版信息: | 北京 人民美术出版社 2002 |
|
| 页数: | 180页 | |
| 开本: | 24cm | |
| 丛书名: | 世界平面设计大赛优秀作品精选系列 | |
| 单 册: | ||
| 中图分类: | J238.1 | |
| 科图分类: | ||
| 主题词: | 宣传画--作品集--世界--现代 | |
| 电子资源: | ||
| ISBN: | 7-102-02456-8 | |
| 000 | 00854oam2 2200241 45 | |
| 001 | 012002063065 | |
| 005 | 20050110163326.5 | |
| 010 | @a7-102-02456-8@dCNY74.00 | |
| 100 | @a20020808d2002 em y0chiy0110 ea | |
| 101 | 0 | @achi |
| 102 | @aCN@b110000 | |
| 105 | @aa z 000yd | |
| 200 | 1 | @a特尔纳瓦国际海报三年展@Ate er na wa guo ji hai bao san nian zhan@f陈放主编@FChen Fang Zhu Bian |
| 210 | @a北京@c人民美术出版社@d2002 | |
| 215 | @a180页@d24cm | |
| 225 | 2 | @a世界平面设计大赛优秀作品精选系列 |
| 330 | @a本书的主要内容包括特尔纳瓦国际海报三年展从1991年至2000年十年来的全部获奖作品四十余幅,以及2000年特尔纳瓦国际海报三年展部分入围作品。 | |
| 410 | @12001 @a世界平面设计大赛优秀作品精选系列 | |
| 606 | 0 | @a宣传画@x作品集@y世界@z现代 |
| 690 | @aJ238.1@v4 | |
| 701 | 0 | @a陈放@4主编 |
| 801 | 0 | @aCN@bNLC@c20020814 |
| 905 | @b341856@dJ238.1@e43@f1 | |
| 特尔纳瓦国际海报三年展/陈放主编.-北京:人民美术出版社,2002 |
| 180页;24cm.-(世界平面设计大赛优秀作品精选系列) |
| ISBN 7-102-02456-8:CNY74.00 |
| 本书的主要内容包括特尔纳瓦国际海报三年展从1991年至2000年十年来的全部获奖作品四十余幅,以及2000年特尔纳瓦国际海报三年展部分入围作品。 |
| ● |
| 相关链接 |
|
|
|
|
正题名:特尔纳瓦国际海报三年展
索取号:J238.1/43
 
预约/预借
| 序号 | 登录号 | 条形码 | 馆藏地/架位号 | 状态 | 备注 |
| 1 | 0341856 | 203418569 | 第一样本阅览室/ [索取号:J238.1/43] | 在馆 |